000 00511nam a2200169Ia 4500
008 230718s9999 xx 000 0 und d
020 _a9788131733585
041 _aeng
082 _a006.7'8
_bLIN
100 _aLinthicum D.S.
_9125738
245 _aCloud Computing And SOA Convergence In Your Entrerprise
_bA Step-By-Step Guide
260 _c2010
_bPearson Education
300 _a239
365 _cRs.
_b399.00
700 _aLinthicum D.S.
_9125738
906 _dO:0105226-Aug-2010B:491807-Aug-2010
_cIT
_b79.8
999 _c325624
_d325624